Blended learning en la formación permanente del profesorado : (Record no. 193737)
[ view plain ]
| 000 -CABECERA | |
|---|---|
| campo de control de longitud fija | 01923cab a2200301 ab4500 |
| 005 - FECHA Y HORA DE LA ÚLTIMA TRANSACCIÓN | |
| campo de control | 20240212113608.0 |
| 008 - ELEMENTOS DE LONGITUD FIJA--INFORMACIÓN GENERAL | |
| campo de control de longitud fija | 991125c2017 sp fr p o 000 0 spa d |
| 035 ## - NÚMERO DE CONTROL DEL SISTEMA | |
| Número de control de sistema | UPN01000221640 |
| 040 ## - FUENTE DE LA CATALOGACIÓN | |
| Centro catalogador/agencia de origen | MX-MxUPN |
| Lengua de catalogación | spa |
| Centro/agencia transcriptor | MX-MxUPN |
| Normas de descripción | aacr2 |
| 049 ## - COLECCIÓN | |
| Colección | ART-E |
| 100 1# - ASIENTO PRINCIPAL--NOMBRE PERSONAL | |
| Nombre de persona | Paniagua, Antonio |
| 100 1# - ASIENTO PRINCIPAL--NOMBRE PERSONAL | |
| Filiación | apaniaguc@alumnos.unex.es |
| 100 1# - ASIENTO PRINCIPAL--NOMBRE PERSONAL | |
| Nombre de persona | Luengo, Ricardo |
| 100 1# - ASIENTO PRINCIPAL--NOMBRE PERSONAL | |
| Nombre de persona | Torres Carvalho |
| 100 1# - ASIENTO PRINCIPAL--NOMBRE PERSONAL | |
| Filiación | Casas, Luis Manuel |
| 245 10 - MENCIÓN DE TÍTULO | |
| Título | Blended learning en la formación permanente del profesorado : |
| Resto del título | aportaciones de asesores de formación sobre modalidades formativas |
| Medio | [recurso electrónico en línea] |
| 506 0# - NOTA DE RESTRICCIONES AL ACCESO | |
| Limitaciones de acceso | Acceso abierto |
| 520 3# - NOTA DE RESUMEN, ETC. | |
| Sumario, etc. | La revisión de los sistemas educativos en España pone de manifiesto la necesidad de encontrar nuevos enfoques en la formación permanente del profesorado de los niveles previos a la Universidad. Este estudio toma la experiencia de un grupo de asesores de formación permanente para realizar un análisis cualitativo de las ventajas e inconvenientes de las modalidades de formación que se emplean tradicionalmente y definir los parámetros básicos de modalidades más acordes con las necesidades del profesorado como sucede con el proceso combinado propuesto por el paradigma de blended learning. A través de una metodología abierta, los participantes reflexionan libremente sobre estas materias, llegando a conclusiones similares a las de otros estudios realizados hasta la fecha. El tratamiento de estos relatos se realiza informáticamente para favorecer una interpretación precisa de los datos recopilados. RED. |
| 653 0# - TERMINO DE INDIZACION - NO CONTROLADO | |
| Término no controlado | Formación docente |
| 653 0# - TERMINO DE INDIZACION - NO CONTROLADO | |
| Término no controlado | Innovación educativa |
| 653 0# - TERMINO DE INDIZACION - NO CONTROLADO | |
| Término no controlado | B-Learning |
| 653 0# - TERMINO DE INDIZACION - NO CONTROLADO | |
| Término no controlado | TIC |
| 773 ## - ENLACE AL DOCUMENTO FUENTE/ENTRADA DE REGISTRO ANFITRIÓN | |
| Parte(s) relacionada(s) | No. 52 (2017), p. 1-15 |
| Título | RED : revista de educación a distancia |
| Número Internacional Normalizado para Publicaciones Seriadas | 1578-7680 |
| 856 4# - LOCALIZACIÓN Y ACCESO ELECTRÓNICOS | |
| Identificador Uniforme del Recurso | <a href="http://www.um.es/ead/red/52/paniagua_et_al.pdf">http://www.um.es/ead/red/52/paniagua_et_al.pdf</a> |
| 902 ## - ELEMENTOS DE DATOS B LOCAL, LDB (RLIN) | |
| Modificó | Leonor Sotres/120224 |
| 905 ## - TIPO DE MATERIAL | |
| Tipo de material | Articulo |
| 942 ## - ELEMENTOS DE PUNTO DE ACCESO ADICIONAL (KOHA) | |
| Tipo de ítem Koha | Artículo Electrónico |
| Estado de retiro | Estado de pérdida | Estado dañado | No para préstamo | Código de colección | Localización permanente | Ubicación/localización actual | Ubicación en estantería | Fecha de adquisición | Total de préstamos | Fecha visto por última vez | Identificador Uniforme del Recurso | Precio válido a partir de | Tipo de ítem Koha |
|---|---|---|---|---|---|---|---|---|---|---|---|---|---|
| Acceso abierto | Bib. Gregorio Torres Quintero | Bib. Gregorio Torres Quintero | En línea | 12/02/2024 | 12/02/2024 | http://www.um.es/ead/red/52/paniagua_et_al.pdf | 12/02/2024 | Artículo Electrónico |
